| 000 -LEADER |
| fixed length control field |
02582cam a2200277 a 4500 |
| 020 ## - INTERNATIONAL STANDARD BOOK NUMBER |
| ISBN |
0521414636 |
| 020 ## - INTERNATIONAL STANDARD BOOK NUMBER |
| ISBN |
9780521414630 |
| 020 ## - INTERNATIONAL STANDARD BOOK NUMBER |
| ISBN |
0521424925 |
| 020 ## - INTERNATIONAL STANDARD BOOK NUMBER |
| ISBN |
9780521424929 |
| 040 ## - CATALOGING SOURCE |
| Transcribing agency |
DLC |
| 082 00 - DEWEY DECIMAL CLASSIFICATION NUMBER |
| Classification number |
609 CAM 1994 A042 Or. |
| 100 1# - MAIN ENTRY--AUTHOR NAME |
| Personal name |
Morris-Suzuki, Tessa |
| 245 14 - TITLE STATEMENT |
| Title |
The technological transformation of Japan : |
| Remainder of title |
from the seventeenth to the twenty-first century / |
| 300 ## - PHYSICAL DESCRIPTION |
| Number of Pages |
ix, 304 pages : |
| Other physical details |
illustrations, maps ; |
| Dimensions |
23 cm |
| 520 ## - SUMMARY, ETC. |
| Summary, etc |
For the past four decades, Japan has been at the forefront of much of the latest technology, becoming an industrial superpower in the process. Yet Japan's status as a technological leader in many fields is the result of historical processes over centuries. From Japan's period of isolation, independent of the west, through to the industrialization of the Meiji Era to the hi-tech status the country has today, the story of Japan's technological development is a fascinating one. This landmark book is the first general English-language study of the history of technology in modern Japan |
| 520 8# - SUMMARY, ETC. |
| Summary, etc |
A survey of the major developments in Japanese technology and industrial policy the book also reinterprets the processes of technological change in Japanese society. Japan's rapid technological transformation is usually attributed to far-sighted government policies or to the innovative management techniques of large Japanese companies. This book gives an alternative explanation based an the concept of social networks of information. Tessa Morris-Suzuki argues that new ideas were conveyed quickly from large 'modern' enterprises to small traditional workshops and factories often in remote parts of the country. This transfer was possible because of the nature of social institutions which had begun to develop before the opening of Japan to the west and which were maintained after contact |
| 520 8# - SUMMARY, ETC. |
| Summary, etc |
The book also includes a number of case studies which look at the silk, ceramics, brewing and iron industries in pre-modern times and the steel, chemical and electrical machinery industries of more recent times. Impressive for its scope, insight and clarity, the book also considers the social costs of rapid technological change. It will be read not only by people interested in modern and pre-modern Japan, but by those who wish to learn from the 'Japanese phenomenon' |
| 650 #0 - SUBJECT ADDED ENTRY--TOPICAL TERM |
| Topical Term |
Technology |
| 650 #0 - SUBJECT ADDED ENTRY--TOPICAL TERM |
| Topical Term |
Technology |
| 650 #0 - SUBJECT ADDED ENTRY--TOPICAL TERM |
| Topical Term |
Technological innovations |
| 650 #4 - SUBJECT ADDED ENTRY--TOPICAL TERM |
| Topical Term |
Tecnolog©Ưa |
| 650 #4 - SUBJECT ADDED ENTRY--TOPICAL TERM |
| Topical Term |
Innovaciones t©♭cnicas |
| 650 #2 - SUBJECT ADDED ENTRY--TOPICAL TERM |
| Topical Term |
Technology |
| 650 #2 - SUBJECT ADDED ENTRY--TOPICAL TERM |
| Topical Term |
Technology |
| 942 ## - ADDED ENTRY ELEMENTS (KOHA) |
| Koha item type |
សៀវភៅភាសាអង់គ្លេស |
| 952 ## - LOCATION AND ITEM INFORMATION (KOHA) |
| Withdrawn status [LOCAL, KOHA] |
0 |